| 000 | 00379nam a2200157Ia 4500 | ||
|---|---|---|---|
| 001 | 30175 | ||
| 008 | 140416s9999 xx 000 0 und d | ||
| 040 | _cPK-LaUMT | ||
| 082 |
_a 621.042 _bTAR-P |
||
| 100 | _aTariq Riaz | ||
| 245 |
_aPakistan _bthe energy sector _cTariq Riaz |
||
| 260 |
_aLahore,Pakistan: _bFerozesons, _c1984 |
||
| 300 | _a241 p. | ||
| 546 | _aEN | ||
| 942 | _cBK | ||
| 999 |
_c30302 _d30302 |
||